Los fundadores franceses de la sociología contemporánea : (Record no. 35508)
[ view plain ]
| 000 -CABECERA | |
|---|---|
| campo de control de longitud fija | 00863nam a2200205 a 4500 |
| 001 - NÚMERO DE CONTROL | |
| campo de control | 000036017 |
| 005 - FECHA Y HORA DE LA ÚLTIMA TRANSACCIÓN | |
| campo de control | 20200930074814.0 |
| 008 - DATOS DE LONGITUD FIJA--INFORMACIÓN GENERAL | |
| campo de control de longitud fija | 111123s1958 ag 000 0 spa d |
| 040 ## - FUENTE DE LA CATALOGACIÓN | |
| Centro catalogador/agencia de origen | DO-SdBNP |
| Lengua de catalogación | spa |
| Centro/agencia transcriptor | BNPHU |
| 100 1# - ENTRADA PRINCIPAL--NOMBRE DE PERSONA | |
| Nombre de persona | Gurvitch, Georges |
| Fechas asociadas al nombre | 1894-1965 |
| 9 (RLIN) | 62055 |
| 240 10 - TÍTULO UNIFORME | |
| Título uniforme | Les fondateurs francais de la sociologie contemporaine : Saint-Simon y Proudhon |
| Nombre de parte o sección de la obra | Español |
| 245 14 - MENCIÓN DE TÍTULO | |
| Título | Los fundadores franceses de la sociología contemporánea : |
| Resto del título | Saint-Simon y Proudhon / |
| Mención de responsabilidad, etc. | Georges Gurvitch ; traducción Ana Goutman, Hilda Sito. |
| 260 ## - PUBLICACIÓN, DISTRIBUCIÓN, ETC. | |
| Lugar de publicación, distribución, etc. | Buenos Aires, Argentina : |
| Nombre del editor, distribuidor, etc. | Galatea- Nueva Visión, |
| Fecha de publicación, distribución, etc. | 1958. |
| 300 ## - DESCRIPCIÓN FÍSICA | |
| Extensión | 191 p. ; |
| Dimensiones | 20 cm. |
| 490 1# - MENCIÓN DE SERIE | |
| Mención de serie | El hombre, la sociedad y la historia |
| 500 ## - NOTA GENERAL | |
| Nota general | Incluye notas al pie de páginas |
| 700 1# - PUNTO DE ACCESO ADICIONAL--NOMBRE DE PERSONA | |
| Nombre de persona | Goutman, Ana |
| Término indicativo de función/relación | tr. |
| 9 (RLIN) | 62056 |
| 700 1# - PUNTO DE ACCESO ADICIONAL--NOMBRE DE PERSONA | |
| Nombre de persona | Sito, Hilda |
| Término indicativo de función/relación | tr. |
| 9 (RLIN) | 62057 |
| 830 #0 - PUNTO DE ACCESO ADICIONAL DE SERIE-TÍTULO UNIFORME | |
| Título uniforme | El hombre, la sociedad y la historia |
| 9 (RLIN) | 62058 |
| Estado de retiro | Estado de pérdida | Restricciones de uso | No para préstamo | Código de colección | Localización permanente | Ubicación/localización actual | Ubicación en estantería | Fecha de adquisición | Número de inventario | Total de préstamos | Signatura topográfica completa | Código de barras | Fecha visto por última vez | Precio válido a partir de | Tipo de ítem Koha | Nota pública |
|---|---|---|---|---|---|---|---|---|---|---|---|---|---|---|---|---|
| Monografías: Libros y Folletos | Patrimonio Dominicano | Patrimonio Dominicano | Orden iniciada | 23.11.2011 | LF1 | 36017-10 | 25.06.2020 | 25.06.2020 | No se presta | Perteneció a la biblioteca personal de Juan Isidro Jimenes Grullón |
